000 00761cab a2200241 4500
001 ABS55624
008 090401t1996 xxu||||| |||| 00| 0 eng d
035 _a(Sirsi) u17628
041 _aeng
100 _aDunn, G.
245 _aBSE - the continuing crisis
260 _c1996
350 _a0
490 _aCountry Landowner
_vJuly 1996, 22-23(2)
520 _aA guide to the various schemes introduced to deal with the BSE crisis. Areas covered include the specialist beef scheme, selective slaughter policy, the calf processing aid scheme and suckler cow premium payments.
650 _aBEEF CATTLE
650 _aBEEF INDUSTRY
650 _aBSE
650 _aSLAUGHTER SCHEMES
690 _aRURAL PRACTICE
942 _n0
948 _c04/03/1997
999 _c11686
_d11686